000 00788nam a2200241Ia 4500
003 OSt
005 20220923222005.0
006 a|||||r|||| 00| 0
007 ta
008 220922b |||||||| |||| 00| 0 hin d
024 _a201,534
037 _cTextual
040 _aARTS
_cARTS
_bhin
041 _2hin
_ahin
082 _aV2:73.L, 152N3
100 _aरायजादा, अजीत
_9156275
245 0 _aभारतीय सिक्कों का इतिहास
246 _aBhāratīya sikkoan kā itihāsa
260 _aदिल्ली
_b शारदा पब्लिशिंग हाउस
_c1993
300 _a210पृ.
_ccm.
942 _hV2:73.L, 152N3
_cTEXL
_2CC
999 _c353187
_d353187